Informe estadístico: Sistema Hospitalario Nacional, Unidades Sanitarias y otros servicios de salud. I semestre de 1973
Guardado en:
| Autor Corporativo: | |
|---|---|
| Formato: | Texto |
| Publicado: |
San José:
M.S.P.
|
| Etiquetas: |
Agregar Etiqueta
Sin Etiquetas, Sea el primero en etiquetar este registro!
|
MARC
| LEADER | 00000 a a2200000 04500 | ||
|---|---|---|---|
| 001 | 18011 | ||
| 003 | |||
| 040 | |a CRAI/IIS |c CRAI/IIS | ||
| 090 | |a 003700 | ||
| 110 | |a Costa Rica. Ministerio de Salubridad Pública. Departamento de Estadística Hospitalaria | ||
| 245 | |a Informe estadístico: Sistema Hospitalario Nacional, Unidades Sanitarias y otros servicios de salud. I semestre de 1973 | ||
| 260 | |a San José: |b M.S.P. | ||
| 300 | |a 97 p. | ||
| 999 | |c 4463 |d 4463 | ||
